| 000 | 00958nam a2200289 i 4500 | ||
|---|---|---|---|
| 001 | 105591 | ||
| 003 | ES-MaACL | ||
| 005 | 20230906183929.0 | ||
| 007 | t| | ||
| 008 | 060726s1966 fr ||||1| fre d | ||
| 080 | _a330.84(44) | ||
| 080 | _a330.85(44) | ||
| 080 | _a329(44) | ||
| 100 | 1 |
_aPerrot, Michelle. _991377 |
|
| 245 | 1 | 3 |
_aLe socialisme français et le pouvoir / _cMichelle Perrot et Annie Kriegel. |
| 260 |
_aParis : _bEtudes et Documentation Internationales, _c[1966] |
||
| 300 |
_a223 p. ; _c21 cm. |
||
| 490 | 1 |
_aLes cahiers du Centre d'Etudes Socialistes ; _v58-64 |
|
| 500 | _aBiblioteca Juan Andrade. | ||
| 650 | 1 | 4 |
_aSocialismo- _zFrancia. _917161 |
| 650 | 1 | 4 |
_aComunismo- _zFrancia. _911221 |
| 650 | 1 | 4 |
_aPartidos polĂticos- _zFrancia. _915870 |
| 700 | 1 |
_aKriegel, Annie. _968843 |
|
| 830 | 0 |
_aLes cahiers du Centre d'Etudes Socialistes ; _v58-64 _9185172 |
|
| 852 |
_aES-MaACL _jAND-399 _bR.109702 |
||
| 999 |
_c105591 _d105591 |
||